20 titres les plus écoutés des Beatles - Statistiques

Statistiques générales
  • Ce quiz a été pris 92 fois
  • Le résultat moyen est 10 sur 20
Statistiques - réponses
Nb. d'écoutes Album % Correct
+ 905 000 000 Let It Be Let It Be
95%
+ 391 000 000 Help! Help!
90%
+ 727 000 000 Single Hey Jude
81%
+ 828 000 000 Help! Yesterday
76%
+ 268 000 000 A Hard Day's Night A Hard Day's Night
68%
+ 1 755 000 000 Abbey Road Here Comes The Sun
62%
+ 920 000 000 Abbey Road Come Together
56%
+ 349 000 000 Revolver Eleanor Rigby
51%
+ 647 000 000 The Beatles (White Album) Blackbird
44%
+ 649 000 000 Please Please Me Twist And Shout
44%
+ 291 000 000 Please Please Me Love Me Do
42%
+ 461 000 000 Abbey Road Something
42%
+ 513 000 000 Single I Want To Hold Your Hand
35%
+ 317 000 000 A Hard Day's Night And I Love Her
32%
+ 247 000 000 Sgt. Pepper's Lonely Hearts Club Band Lucy In The Sky With Diamonds
31%
+ 586 000 000 Rubber Soul In My Life
29%
+ 259 000 000 Magical Mystery Tour Strawberry Fields Forever
28%
+ 337 000 000 The Beatles (White Album) Ob-La-Di, Ob-La-Da
24%
+ 344 000 000 The Beatles (White Album) While My Guitar Gently Weeps
24%
+ 270 000 000 Rubber Soul Norwegian Wood (This Bird Has Flown)
15%
Aucun quiz correspondant
Distribution des résultats
% des personnes avec chaque résultat
Percentile par nombre de réponses
Votre historique - résultats
Vous n’avez pas pris ce quiz